|
|
|
|
| LEADER |
01737nam a2200433 a 4500 |
| 001 |
EBC893359 |
| 003 |
MiAaPQ |
| 005 |
20200520144314.0 |
| 006 |
m o d | |
| 007 |
cr cn||||||||| |
| 008 |
121011s2013 gw sb 001 0 eng d |
| 010 |
|
|
|z 2012041114
|
| 020 |
|
|
|z 9783110265125
|
| 020 |
|
|
|a 9783110265132 (electronic bk.)
|
| 035 |
|
|
|a (MiAaPQ)EBC893359
|
| 035 |
|
|
|a (Au-PeEL)EBL893359
|
| 035 |
|
|
|a (CaPaEBR)ebr10649242
|
| 035 |
|
|
|a (CaONFJC)MIL503147
|
| 035 |
|
|
|a (OCoLC)828150142
|
| 040 |
|
|
|a MiAaPQ
|c MiAaPQ
|d MiAaPQ
|
| 043 |
|
|
|a e-gx---
|
| 050 |
|
4 |
|a PN1995.9.J46
|b C66 2013
|
| 082 |
0 |
4 |
|a 791.43/652924
|2 23
|
| 245 |
0 |
0 |
|a Contemporary Jewish reality in Germany and its reflection in film
|h [electronic resource] /
|c edited by Claudia Simone Dorchain and Felice Naomi Wonnenberg.
|
| 260 |
|
|
|a Berlin :
|b De Gruyter,
|c [2013]
|
| 300 |
|
|
|a vi, 243 p.
|
| 490 |
1 |
|
|a Europaisch-judische Studien. Beitrage = European-Jewish studies. Contributions,
|x 2192-9602 ;
|v v. 2
|
| 504 |
|
|
|a Includes bibliographical references and index.
|
| 533 |
|
|
|a Electronic reproduction. Ann Arbor, MI : ProQuest, 2015. Available via World Wide Web. Access may be limited to ProQuest affiliated libraries.
|
| 650 |
|
0 |
|a Jews in motion pictures.
|
| 650 |
|
0 |
|a Motion pictures
|z Germany.
|
| 650 |
|
0 |
|a Jews
|z Germany
|x Identity.
|
| 655 |
|
4 |
|a Electronic books.
|
| 700 |
1 |
|
|a Dorchain, Claudia Simone.
|
| 700 |
1 |
|
|a Wonnenberg, Felice Naomi.
|
| 700 |
1 |
2 |
|a Dorchain, Claudia Simone.
|t Cusanus, Nietzsche, and Lacan on reflection.
|
| 710 |
2 |
|
|a ProQuest (Firm)
|
| 830 |
|
0 |
|a Europaisch-judische Studien.
|p Beitrage ;
|v Bd. 2.
|
| 856 |
4 |
0 |
|u https://ebookcentral.proquest.com/lib/matrademy/detail.action?docID=893359
|z Click to View
|